000 00564nam a2200217Ia 4500
003 GCL
008 140319s9999 xx 000 0 eng d
040 _aGCL /
_cGCL
082 0 4 _a892.76
_bN E
100 1 _aNAGUIB MAHFOUZ
245 1 0 _aENTRE DOS PALAUS /
_cNAGUIB MAHFOUZ
260 _a[S.N] :
_bTHE AMERICAN UNIVERSITY IN CAIRO PRESS ،
_c1996
300 _a439 P
650 0 4 _aEGYPT
650 0 4 _aARABIC LITERATURE
650 0 4 _aNAGUIB MAHFOUZ
650 0 4 _aARABIC STORY
650 0 4 _aSPANISH LANGUAGE
650 0 4 _aARABIC STORIES
942 _2ddc
_cBK
999 _c12763
_d12763